Statistics for Sports Equipment

Click here to take the quiz!

General Stats

  • This quiz has been taken 50,720 times
    (34,089 since last reset)
  • The average score is 14 of 18

Answer Stats

Equipment Sport % Correct
Bat, Ball, Glove, BasesBaseball
99%
Stick, Puck, Ice SkatesIce Hockey
97%
Driver, Putter, TeeGolf
96%
Ball, Net, Rim, BackboardBasketball
94%
Balls, Cue, Table, TrianglePool
94%
Ball, Paddle, Table, NetTable Tennis
92%
Ball, Pins, Lane, GutterBowling
92%
Ball, Helmet, Shoulder Pads, TeeFootball
92%
Ball, Bat, WicketCricket
89%
Shuttlecock, Racket, NetBadminton
87%
Ball, Goals, Swimming PoolWater Polo
86%
Ball, Mallet, HorsePolo
84%
Broom, Quaffle, Golden SnitchQuidditch
74%
Broom, StonesCurling
60%
Rope, Chalk Bag, CarabinersRock Climbing
58%
Flying Disc, BasketsDisc Golf
47%
Stick, Puck, SnorkelUnderwater Hockey
21%
Pelota, XisteraJai Alai
15%

Score Distribution

Percentile by Number Answered

Percent of People with Each Score

Your Score History

You have not taken this quiz since the last reset